| 000 | 005050000a22001930004500 | ||
|---|---|---|---|
| 001 | 002440 | ||
| 003 | MACL | ||
| 005 | 20150918164038.0 | ||
| 008 | 150918b xxu||||| |||| 00| 0 eng d | ||
| 040 |
_aMACL _cMACL |
||
| 041 | _aEnglish | ||
| 082 | _a824/GAR | ||
| 100 |
_aGarimella, Annapurna _911858 |
||
| 245 |
_aMulk Raj Anand _bShaping the Indian Modern _cAnnapurna Garimella |
||
| 260 |
_aMumbai _c2005 _bMarg Publication, |
||
| 350 | _a2250 | ||
| 650 |
_aEnglish Essay _98946 |
||
| 942 |
_k824 _cBK _2ddc |
||
| 999 |
_c14352 _d14352 |
||